Visualizzazione normale
Vista MARC
- Gilbert Robert
di Personal Name
Records bibliografici associati: 1
001 - CONTROL NUMBER
- control field: 12196
003 - CONTROL NUMBER IDENTIFIER
- control field: IT-RoPau
005 - DATE AND TIME OF LATEST TRANSACTION
- control field: 20140205153657.0
008 - FIXED-LENGTH DATA ELEMENTS
- fixed length control field: 140205|| aca||aabn | a|a d
040 ## - CATALOGING SOURCE
- Original cataloging agency: IT-RoPau
- Transcribing agency: IT-RoPau
100 ## - HEADING--PERSONAL NAME
- Personal name: Gilbert Robert
- Miscellaneous information: Codice autore musica SPICS: 14464
- Relator term: Autore musica
- Name of part/section of a work: The Peanut Vendor - Tres palabras (Without You)
670 ## - SOURCE DATA FOUND
- Source citation: Work cat.: (IT-RoPau)99789: AA.VV. 794, Caramba!-Hot Rhythm From South America